000 00294nam a2200121Ia 4500
005 20260328104250.0
008 260328s9999||||xx |||||||||||||| ||und||
100 _aEscala
245 0 _aEdificios Gubernamentales /
_cEscala
260 _bEscala
650 _aEDIFICACIONES ESCOLARES
942 _cBK
999 _c10202
_d10202